000 00979cam a2200217 4500
001 WB@3612-499
008 040714n2004 000 0 eng u
035 _a(Sirsi) u126767
245 _aNew home guides
260 _c2004
490 _aRICS News Release
_v13 July 2004 (2)
520 _aRICS has published a series of new guides to help with the buying and selling of houses and understanding property surveys. With introductions and advice by Phil Spencer, from Channel 4's 'Location, location, location' programme, RICS is hoping to raise awareness about chartered surveyors and how they can help homebuyers. View the guides online at: http://www.rics.org/public/index.shtml. http://www.rics.org/ricscms/bin/show?class=PressRe lease&template=/includes/showpr.html&id=1201
590 _aWB
590 _aWB
650 _aHOUSE SELLING
650 _aHOUSE BUYING
650 _aHOUSE SURVEYS
650 _aMOVING HOUSE
690 _aHOUSING-MARKET
942 _n0
999 _c117689
_d117689